Регионална библиотека "Любен Каравелов" - Русе

Капитал (Запис номер 406966)

MARC детайли
000 -Лидер
Контролно поле с фиксирана дължина 01738nam a2200325 a 4500
003 - Код на организацията, давaща контролен номер
Контролно поле BLK
005 - Дата и час на последна редакция
Контролно поле 20230725112715.0
008 - Елементи от данни с фиксирана дължина
fixed length control field 210330b bu |||||r|||| 00| | bu d
040 ## - Източник на каталожния запис
Идентификатор на билиотеката - собственик на записа BLK
041 ## - Код за език
Код за езика на текст/звукозапис или на отделно заглавие Руски
Код за езика КДБФ Руски
080 ## - УДК
Текстов определител УДК Икономически теории. Икономически учения и школи
УДК код - определител по УДК 330.8
УДК - код + определител 330.8
100 ## - Редна дума - Автор
R(LIN) 248944
Автор Маркс, Карл
Авторска отговорност първи автор
139 ## - Редно поле
Редна дума Маркс, Карл
245 ## - Сведения за заглавието
Заглавие Капитал
Подзаглавни данни Критика политической экономии : Т. 1 -
Редно поле (дума) Карл Маркс; под ред. Петр Бернгардович Струве
Том Т. 1. Кн. 1
Заглавие на том Процесс производства капитала
250 ## - Област на изданието
Сведения за изданието 2. изд.
257 ## - Страна на издаване
Страна на създаване/издаване Германия
260 ## - Област на издателските данни
9 (RLIN) 441842
Място на издаване, разпространение и проч. Санкт-Петербург
Име на издателя, разпространителя и проч. б. и.
Година на издаване 1906-
300 ## - Физическа характеристика
Размери/Мащаб 25 см
380 ## - Жанр
Жанр Обществени науки
650 #7 - Допълнително описание по предмет – тема
9 (RLIN) 156973
Основно описание – тема или топоним Икономически учения
650 #7 - Допълнително описание по предмет – тема
9 (RLIN) 166922
Основно описание – тема или топоним Политическа икономия
653 #7 - Ключова дума – ненормативна
9 (RLIN) 194055
Ключова дума политическа икономия
653 #7 - Ключова дума – ненормативна
9 (RLIN) 188260
Ключова дума капитал
700 ## - Други автори (авторска отговорност)
Лично име Струве, Пьотър Бернгардович
Дати, свързани с автора 1870-1944
Друга информация Философ, икономист, обществен и политически деец, публицист. Член на Руската академия на науките. Емигрант във Франция (1927-). Редактор на вестник Возрождение в Париж.
9 (RLIN) 445475
760 ## - Описание на основната серия
Страници - том 576, VІ с.
Част - том . Кн. 1
Заглавие Т. 1. : Процесс производства капитала
852 ## - Местоположение
Форматна сигнатура Цб 3.245.11411
Фондова буква Основен фонд - ползва се само за читалня
999 ## - СИСТЕМНИ КОНТРОЛНИ НОМЕРА
Koha biblionumber 406966
Koha biblioitemnumber 406966
942 ## - АРТИКУЛИ
Вид на библиотечния материал Книги
Скрит в OPAC Не
Периодичен библиозапис Да
944 ## - СЪЗДАВАНЕ И РЕДАКЦИЯ на ЗАПИСА
Създаване/Редакция Създаване
Дата на регистрацията/редакция 2021-04-08
Служител, извършил регистрацията/редакцията 30556
Статус, дата на статуса Теодора Пейчева-Дянкова
999 ## - СИСТЕМНИ КОНТРОЛНИ НОМЕРА
Koha biblioitemnumber 406966
Наличности
Код за отписване Код за изгубен артикул Източник на класификационната схема Код за повреда Коз за рестрикции Код за отдаване Артикулен № Име на библиотеката - собственик Име на библиотеката, в която се намира в момента Статус (Текущо местоположение) Дата на вписване в системата Местоположение - отдел Цена в лева Инвентарен номер Систематично азбучна сигнатура Баркод Цена в евро Служебен тип на артикула
  Не е изгубен Universal Decimal Classification Не е повреден само за читалня ползва се в читалня 823235 Регионална библиотека "Любен Каравелов" Русе Регионална библиотека "Любен Каравелов" Русе Хранилище 2021-04-14 Основен фонд - ползва се само за читалня 0.46 11411-І Цб 3.245.11411 900000040050 0.24 Книги
Vip Innovations Ltd, Rousse, Bulgaria 2025